| 000 | 00737nam a22001935i 4500 | ||
|---|---|---|---|
| 001 | 168906 | ||
| 003 | ES-MaACL | ||
| 005 | 20230906213926.0 | ||
| 008 | 080623s1869 fr |||| | fre d | ||
| 080 | _a782.089.6 | ||
| 100 | 1 |
_aHervé. _9138035 |
|
| 245 | 1 | 3 |
_aLe petit Faust [ _hmúsica impresa] _b: opéra bouffe en trois actes et quatre tableaux / _cparoles de Hector Crémieux & Jaime fils ; musique de Hervé. |
| 260 |
_aParis : _bHeugel et Cie., _c[1869] |
||
| 300 |
_a1 partitura vocal ( [6], 179 p.) ; _c28 cm. |
||
| 650 | 1 | 4 |
_aÓperas- _xPartituras vocales. _9137997 |
| 700 | 1 |
_aCrémieux, Hector. _941493 |
|
| 700 | 1 |
_aJaime, Adolphe. _9128256 |
|
| 852 | 4 |
_aES-MaACL _jL-29311 _9R.143662 _zBiblioteca Jacinto Martínez Lacalle |
|
| 999 |
_c168906 _d168906 |
||